Kritériá kvality, technickej úrovne strojárskych výrobkov z hľadiska zahraničného obchodu záverečná práca postgraduálneho štúdia

Guardado en:
Detalles Bibliográficos
Autor principal: Kontsek, Pavel
Autor Corporativo: Vysoká škola ekonomická v Bratislave
Otros Autores: Kosír, Igor
Formato: Libro
Lenguaje:eslovaco
Publicado: Bratislava 1987
Etiquetas: Agregar Etiqueta
Sin Etiquetas, Sea el primero en etiquetar este registro!

MARC

LEADER 00000nam a2200000 4500
001 c039538
005 20230116095112.3
041 0 |a slo 
044 |a SK 
245 1 0 |a Kritériá kvality, technickej úrovne strojárskych výrobkov z hľadiska zahraničného obchodu  |b záverečná práca postgraduálneho štúdia  |c Pavel Kontsek ; Ved. práce Igor Kosír 
264 1 |a Bratislava  |c 1987 
300 |a 73 s. 
100 1 |a Kontsek, Pavel 
700 1 |a Kosír, Igor 
710 2 |a Vysoká škola ekonomická v Bratislave